|
|
|
|
| LEADER |
00945nam a2200301 4500 |
| 001 |
DLU030025672 |
| 005 |
##20021230 |
| 008 |
##021230t vn z000 vie d |
| 040 |
# |
# |
|a DLU
|b vie
|
| 041 |
# |
# |
|a vie
|
| 044 |
# |
# |
|a vn
|
| 082 |
# |
# |
|a 338.9
|b CIE
|
| 110 |
# |
# |
|a Viện Nghiên cứu Quản lý Kinh tế Trung ương (CIEM)
|
| 245 |
# |
# |
|a Thể chế cải cách, thể chế và phát triển :
|b lý luận và thực tiễn ở nước ngoài và Việt Nam /
|c CIEM; Đinh Văn Ân, Võ Trí Thành chủ biên
|
| 260 |
# |
# |
|a H. :
|b CIEM; Thống kê,
|c 2002
|
| 300 |
# |
# |
|a 324 tr. ;
|c 24 cm
|
| 504 |
# |
# |
|a Tài liệu tham khảo : tr. 307-323
|
| 700 |
# |
# |
|a Đinh Văn Ânchủ biên
|
| 700 |
# |
# |
|a Võ Trí Thành
|e chủ biên
|
| 992 |
# |
# |
|a 50000
|
| 994 |
# |
# |
|a DLU
|
| 900 |
# |
# |
|a True
|
| 911 |
# |
# |
|a Thái Thị Thanh Thủy
|
| 925 |
# |
# |
|a G
|
| 926 |
# |
# |
|a A
|
| 927 |
# |
# |
|a SH
|
| 980 |
# |
# |
|a Thư viện Trường Đại học Đà Lạt
|